| 000 | 00975nam a2200253Ia 4500 | ||
|---|---|---|---|
| 003 | OSt | ||
| 005 | 20221005112514.0 | ||
| 006 | a|||||r|||| 00| 0 | ||
| 007 | ta | ||
| 008 | 221004b |||||||| |||| 00| 0 pan d | ||
| 020 |
_a9789350681343 (hbk) _c225 |
||
| 024 | _a14971 | ||
| 037 |
_b873, 14/08/2014, H.K. Prakashan _cTextual |
||
| 040 |
_aCRL _cCRL _bpan |
||
| 041 |
_2pan _apan |
||
| 082 | _aO153,1:g, Q2 | ||
| 100 | _aਕੱਟੂ, ਪਰਮਜੀਤ ਸਿੰਘ | ||
| 245 | 0 |
_aਵਿਦਰੇਹੀ ਕਾਵਿ _b ਪਾF ਉਦਾਸੀ ਮੁਕਤੀਬੋਧ ਅਤੇ ਨੇਰੂਦਾ ਦੇ ਸੰਦਰਭ ਚ |
|
| 260 |
_aਚੰਡੀਗੜ _bਲੋਕਗੀਤ ਪ੍ਰਕਾFਨ ਭਾਰਤ _c2012 |
||
| 300 |
_a176ਪੰ _ccm. |
||
| 650 | _aਪੰਜਾਬੀ ਸਾਹਿਤ | ||
| 942 |
_hO153,1:g, Q2 _cTEXL _2cc |
||
| 999 |
_c1025091 _d1025091 |
||